[Event "Madras Shaastra rapid 4th"]
[Site "Madras"]
[Date "2020.02.22"]
[Round "2"]
[White "Yashwanth Krishna, B."]
[Black "Narayanan, Srinath"]
[Result "0-1"]
[WhiteElo "1302"]
[BlackElo "2535"]
[PlyCount "64"]
[EventDate "2020.02.22"]
[EventType "swiss (rapid)"]
[EventRounds "10"]
[EventCountry "IND"]
[SourceTitle "CBM 195 Extra"]
[Source "ChessBase"]
[SourceDate "2020.05.31"]
[SourceVersion "1"]
[SourceVersionDate "2020.05.31"]
[SourceQuality "1"]

1. e4 c5 2. Nf3 Nc6 3. d4 cxd4 4. Nxd4 Nf6 5. Nc3 d6 6. Be3 Ng4 7. Bg5 Qb6 8. Be3 Nxe3 9. fxe3 e5 10. Ndb5 Be6 11. Qd2 a6 12. Nxd6+ Bxd6 13. Qxd6 Qxb2 14. Nd5 Bxd5 15. exd5 Rd8 16. Qc5 Nb4 17. Rd1 Nxc2+ 18. Kf2 Nd4+ 19. Kg3 Nf5+ 20. Kf3 Nd6 21. e4 0-0 22. g4 b6 23. Qe3 Rc8 24. Bd3 Rc3 25. Rc1 Nc4 26. Qe2 Nd2+ 27. Kf2 Rxc1 28. Rxc1 Qxc1 29. Bxa6 Nb1 30. d6 Qc5+ 31. Kg2 Qxd6 32. Bd3 Nc3 0-1

[Event "Rajapalayam Ramco op"]
[Site "Rajapalayam"]
[Date "2019.11.30"]
[Round "1"]
[White "Yashwanth Krishna, B."]
[Black "Lokesh, N1111"]
[Result "0-1"]
[WhiteElo "1197"]
[BlackElo "2238"]
[PlyCount "52"]
[EventDate "2019.11.30"]
[EventType "swiss"]
[EventRounds "8"]
[EventCountry "IND"]
[SourceTitle "CBM 193 Extra"]
[Source "ChessBase"]
[SourceDate "2020.01.31"]
[SourceVersion "1"]
[SourceVersionDate "2020.01.31"]
[SourceQuality "1"]

1. e4 c5 2. Nf3 e6 3. d4 cxd4 4. Nxd4 a6 5. Nc3 Qc7 6. a3 Nf6 7. Bd3 b5 8. Bd2 Bb7 9. 0-0 Bc5 10. Nb3 Ba7 11. Bg5 Nc6 12. Kh1 h5 13. f4 Ng4 14. Qf3 f6 15. Bh4 0-0-0 16. Bg3 g5 17. fxg5 Nce5 18. Qe2 fxg5 19. h3 h4 20. Bxe5 Nxe5 21. Rad1 Bb8 22. Kg1 Ng6 23. Rf6 Qh2+ 24. Kf1 Qh1+ 25. Kf2 Ba7+ 26. Kf3 Ne5# 0-1